Quizzes
Events
Quiz Creation
Community
Videos
Private Events
Remove Ads
Sign In
Join for FREE
Feedback
Dark Mode
Quiz Categories
Sports
Geography
Music
Movies
Television
Just For Fun
Miscellaneous
History
Literature
Language
Science
Gaming
Entertainment
Religion
Holiday
For Kids
Quiz Lab
Recent
Popular Today
Quiz Kudos Today
Editor Picks
Curator Picks
Quizzes by...
Day
Popularity
Type
Ratings
Length
Year
Community
Subscriptions
Recent Discussions
Orange Saloon
Badges
Playlists
Quests
Create
Leaderboards
Showdown
Live 5
Trivia Bingo
Activity
Puzzle Library
Sporcle Events
Private Events
Virtual Trivia
Globe League
Become a Host
Pub Owners
SporcleCon
Opinionation
Our Games
Videos
Blog
Mobile Apps
Partnerships
Remove Ads and Go Orange
Feedback
Language
Vocabulary
Begins and Ends
Definition
Spanish
French
German
Italian
Chinese
Latin
Translation
Japanese
Language
Vocabulary
Begins and Ends
Definition
Spanish
French
German
Italian
Chinese
Latin
Translation
Japanese
Random Quiz
Search Sporcle
×
Quiz Lab
Quiz Lab
Language
Ending
Type in answers that appear in a list
Type in answers that appear in a list
Classic
Best Score? Go Orange.
Ending in -ex Stats
Can you name the words ending in ex?
By
jammanto
5m
41 Questions
90 Plays
90 Plays
90 Plays
Comments
Comments
Give Quiz Kudos
Give Quiz Kudos
-
- Ratings
hide this ad
More Info
Random Order
Randomize order of answers
Randomize order of answers
Replay
Link that replays current quiz
Next Quiz
Link to next quiz in quiz playlist
You Got
0%
They Got
Avg Score
53%
Avg Friend Score
Upgrade to see
Score Distribution
Jump to the score distribution portion of the page
Score
0/41
Timer
05:00
0
Plays Today
Clue
Answer
% Correct
Gender; coitus
sex
87.8%
A former partner
ex
85.6%
Highest point
apex
81.1%
Suitable for both genders
unisex
77.8%
A facial tissue brand
Kleenex
76.7%
An automatic reaction
reflex
76.7%
Complicated in structure
complex
73.3%
Bend an object; contract a muscle
flex
73.3%
Swiss watch manufacturer
Rolex
72.2%
County north-
east of Greater London
Essex
70%
Window cleaning product
Windex
70%
An evil spell; 16 base number system
hex
68.9%
Two counties south of Greater London
Sussex
65.6%
A species suffix; latin for king
Rex
62.2%
Curving outward
convex
61.1%
Having three parts
triplex
58.9%
-
ander; -
andra
Alex
56.7%
A mathematical notation; an alphabetical listing
index
56.7%
A movie theatre with more than one auditorium
multiplex
56.7%
Natural rubber
latex
55.6%
Having two parts
duplex
54.4%
Clue
Answer
% Correct
Wild goat of Eurasia and North Africa
ibex
53.3%
American logistics services company
FedEx
52.2%
To cause annoyance or disturbance
vex
48.9%
Current of water rotating rapidly
vortex
48.9%
A desktop card catalogue
Rolodex
47.8%
Extension; take by conquest
annex
46.7%
Condom marketers
Durex
44.4%
To be bewildered or mystified
perplex
43.3%
Dutch watch manufacturer
Timex
43.3%
An old English kingdom
Wessex
42.2%
An elastic synthetic fabric
spandex
41.1%
Section of the brain
cortex
38.9%
Historical county now in Greater London
Middlesex
37.8%
A brand of correction fluid
Tipp-Ex
26.7%
Plastic explosive
Semtex
23.3%
An accent or diacritical mark
circumflex
21.1%
A borosilicate glass
Pyrex
20%
A list or manuscript
codex
18.9%
Point of intersection
vertex
18.9%
A transparent thermoplastic
perspex
16.7%
Quiz Playlist
Details
Report
Send in Message
Add To Playlist
More Info:
Includes proper nouns (company names, place names and a first name). This is not a complete list of words ending in ex.
Classic:
Type in answers that appear in a list
Random Order:
Randomize order of answers
Last Updated: Feb 16, 2017
Quiz Scoreboard
CHALLENGE
Sign Up to Join the Scoreboard
Show All
Scores
Hide
Comments
May contain spoilers
Recently Published
Billboard Blitz: Fleetwood Mac
by CooCooCachoo
Music
15s
Presidents Visiting Landmarks
by Hejman
History
7m
An Introduction to Baseball
by treessimontrees
Sports
5m
More to Explore
Quiz From the Vault
Featured Blog Post
Where Did the Easter Bunny Come From?
hide this ad
You Might Also Like...
Tags
Ending
Today's Top Quizzes in Language
Browse Language
hide this ad
Today's Top Quizzes in Ending
Browse Ending
Top Contributed Quizzes in Language
1
1-10 Letter F Words III
2
1-10 Letter G Words III
3
Order Up: Top 10 Most Native Spoken Languages
4
1-10 Letter H Words III
5
One Thing in Common: Italy
6
1-10 Letter I Words III
7
Weisst du, aus welchen Sprachen diese Wörter stammen?
8
1-10 Letter J Words III
9
Celtic Nations in their Language
10
1-10 Letter K Words III
Explore More
Trending Topics
Anime
NBA
Harry Potter
Kpop
Disney
Crossword
Marvel
Soccer
Country
Puzzle
NFL
WWE
Song
The Office
Pokémon
hide this ad
More By:
jammanto
Quiz
Plays
Rating
Category
Featured
Created
Postcodes of Greater London
2,276
4.20
Geography
Feb 7, 2013
Clickable Zone 1 Tube Stations
946
4.60
Geography
Aug 9, 2014
Constituencies of Greater London
937
4.80
Geography
May 20, 2010
Lovesong by The Cure
925
5.00
Music
Aug 24, 2014
The Doctor's Regenerations
899
5.00
Television
Mar 30, 2016
Go to Creator's Profile
Score Distribution
Quiz Creator Spotlight
jammanto
Follow
Send a Message
Quizzes Created
-
Created Quiz Play Count
-
More By This Creator
Popular Quizzes Today
1
Find the US States - No Outlines Minefield
2
Find the Countries of Europe - No Outlines Minefield
3
The Countries of the World
4
Find the US States
5
Popular People in 1961
6
US States
7
Risky Map Clicking: Biggest States A-Z
8
Movies - When Are They Set?
More Language Quizzes
These Words Have an 'Arm'
Published
Trending Quizzes
Risky Map Clicking: Least Populous States A-Z
1-10 Letter G Words
1-10 Letter F Words
Risky Map Clicking: Next State Alphabetically
Risky Map Clicking: Biggest States A-Z
Recently Updated
Leaping Animals
pecheneg
Reality TV Shows (A-Z)
bhenderson79
Rickey Henderson's Hall of Fame Teammates
pecheneg
Champions League XIs: Arsenal
pecheneg
Quick Pick: Celebrities in WWE's Hall of Fame
aduchscher
A-Z Keypad Blitz II
pecheneg
Multiple Oscar Actors
pecheneg
Mystery Phrase Blitz: Oscar 'Best Actors'
pecheneg
F. Scott Fitzgerald Novels
LTH
Pick 3 Villains
ddd62291
Trending Topics
NBA
Anime
Marvel
Kpop
Harry Potter
Disney
Crossword
Country
Puzzle
The Office
WWE
Song
Pokémon
NFL
Soccer
Your Account Isn't Verified!
In order to create a playlist on Sporcle, you need to verify the email address you used during registration. Go to your
Sporcle Settings
to finish the process.
Report this User
Report this user for behavior that violates our
Community Guidelines
.
Details:
Send Report
Go to the Sporcle.com Mobile Site →
Comments